Systemowe uwarunkowania polityki przemyslowej.

Charakteristika politiky štátu a intervencionizmu v Poľsku. Historické skúsenosti a ich sprievodné javy. Inflačná terapia. Transformačné procesy. Kritika a analýza systémovej transformácie a prestavby. Požadované hlavné črty mikroekonomickej priemyselnej politiky. Význam protirecesnej činnosti. Skús...

Descripción completa

Guardado en:
Detalles Bibliográficos
Autor principal: Porwit, K.
Formato: Capítulo de libro
Lenguaje:polaco
Materias:
Etiquetas: Agregar Etiqueta
Sin Etiquetas, Sea el primero en etiquetar este registro!

MARC

LEADER 00000naa a2200000 4500
001 r009095
005 20221125122751.2
041 0 |a pol 
044 |a PL 
245 1 0 |a Systemowe uwarunkowania polityki przemyslowej.  |c K. Porwit 
520 |a Charakteristika politiky štátu a intervencionizmu v Poľsku. Historické skúsenosti a ich sprievodné javy. Inflačná terapia. Transformačné procesy. Kritika a analýza systémovej transformácie a prestavby. Požadované hlavné črty mikroekonomickej priemyselnej politiky. Význam protirecesnej činnosti. Skúsenosti cudziny s intervencionizmom. Význam zmien v 10 oblastiach zahrnutých do systémovej prestavby. Podmienky účinnej rozvojovej politiky. 
610 2 0 |a politika priemyselná 
610 2 0 |a štát 
610 2 0 |a PR 
610 2 0 |a intervencionizmus štátny 
610 2 0 |a inflácia 
610 2 0 |a reformy hospodárske 
610 2 0 |a systémy ekonomické 
610 2 0 |a transformácia 
610 2 0 |a zmeny štruktúrne 
100 1 |a Porwit, K.